Teória štatistiky a pravdepodobnosti časť pravdepodobnosť

Gespeichert in:
Bibliographische Detailangaben
1. Verfasser: Pacáková, Viera
Körperschaft: Vysoká škola ekonomická v Bratislave. Fakulta riadenia
Weitere Verfasser: Rublíková, Eva
Format: Buch
Sprache:Slowakisch
Veröffentlicht: Bratislava Vysoká škola ekonomická v Bratislave 1979
Tags: Tag hinzufügen
Keine Tags, Fügen Sie das erste Tag hinzu!

MARC

LEADER 00000nam a2200000 4500
001 0215535
005 20240109105230.2
041 0 |a slo 
044 |a SK 
245 1 0 |a Teória štatistiky a pravdepodobnosti  |b časť pravdepodobnosť  |c Viera Pacáková, Eva Rublíková 
264 1 |a Bratislava  |b Vysoká škola ekonomická v Bratislave  |c 1979 
300 |a 68 s. 
100 1 |a Pacáková, Viera 
700 1 |a Rublíková, Eva 
710 2 |a Vysoká škola ekonomická v Bratislave. Fakulta riadenia